000
00261nam a2200109Ia 4500
005
20251222141827.0
008
251222s9999||||xx |||||||||||||| ||spa||
082
_a
257.1/A78
245
0
_a
Arte, fede, storia:
264
_b
Sutio Editoriale Fiorentino
942
_c
LIB
999
_c
7001
_d
7001